000 00597nam a2200181Ia 4500
001 24929
005 20260414151116.0
008 260414t2019||||xx |||||||||||||| ||spa||
041 _aESP
082 _a346.C4
_bG86
100 _aGuerra-Cerrón, María Elena,
_eAUT
245 0 _aJurisprudencia constitucional en asuntos del derecho civil y procesal civil :
_bódigo civil, código procesal civil, código del niño y adolescente, y código de protección al consumidor
260 _c2019
300 _a895 páginas :
_c25 cm.
650 _aDER
654 _aCDE
942 _cLIB
_dJUS
_fJUS
_2ddc
_n
999 _c24929
_d24929